Greek | English |
πρῶτον | at first, first | | 88.9% | πρῶτος, πρῶτη, πρῶτον | first | | 77.8% | στρατηγός, στρατηγοῦ, ὁ | general, commander | | 77.8% | πρός + acc | to, towards, against | | 66.7% | πῶς; | how? | | 66.7% | σοφός, σοφή, σοφόν | wise | | 66.7% | σύ, σοῦ | you (singular) | | 66.7% | στρατιά, στρατιᾶς, ἡ | army, expedition | | 66.7% | πρό + gen | before, in front of | | 55.6% | πύλη, πύλης, ἡ | gate | | 55.6% | πῦρ, πυρός, τό | fire | | 55.6% | σῶμα, σώματος, τό | body | | 55.6% | ταχύς, ταχεῖα, ταχύ | fast, quick | | 55.6% | τέσσαρες, τέσσαρες, τέσσαρα | four | | 55.6% | τέταρτος, τετάρτη, τέταρτον | fourth | | 55.6% |
|
Greek | English |
προσβάλλω + dat | I attack | | 44.4% | ῥᾴδιος, ῥᾳδία, ῥᾴδιον | easy | | 44.4% | σιγή, σιγῆς, ἡ | silence | | 44.4% | σῖτος, σίτου, ὁ | food, corn | | 44.4% | στρατιώτης, στρατιώτου, ὁ | soldier | | 44.4% | σός, σή, σόν | your | | 44.4% | σῴζω, σώσω, ἐσώσα, ἐσώθην | I save | | 44.4% | τέλος | at last, finally | | 44.4% | τιμάω | I honour, respect | | 44.4% | πρότερον | before, formerly | | 33.3% | πυνθάνομαι, πεύσομαι, ἐπυθόμην | I learn, ascertain, ask | | 33.3% | συλλέγω, συλλέξω, συνέλεξα | I collect, assemble | | 33.3% | σύμμαχοι, συμμάχων, οἱ | allies | | 33.3% | συμφορά, συμφορᾶς, ἡ | misfortune, disaster | | 33.3% | τεῖχος, τείχους, τό | wall | | 33.3% |
|
Comments